The relationship between job satisfaction, job dissatisfaction and job performance of correctional workers

Gespeichert in:  
Bibliographische Detailangaben
1. VerfasserIn: Skotdal, Nicki Marlene (Verfasst von)
Medienart: Druck Buch
Sprache:Englisch
Veröffentlicht: Ann Arbor, Mich. Univ. Microfilms 1974
In:Jahr: 1974
Bestand in Tübingen:In Tübingen vorhanden.
UB: KB 4 A 88
Verfügbarkeit prüfen: HBZ Gateway
Subito Bestelldienst: Jetzt bestellen.
Schlagwörter:

MARC

LEADER 00000cam a22000002c 4500
001 1122335806
003 DE-627
005 20220516133150.0
007 tu
008 960604s1974 xx ||||| m 00| ||eng c
035 |a (DE-627)1122335806 
035 |a (DE-576)052335801 
035 |a (DE-599)BSZ052335801 
035 |a (OCoLC)312338930 
040 |a DE-627  |b ger  |c DE-627  |e rakwb 
041 |a eng 
100 1 |a Skotdal, Nicki Marlene  |0 (DE-627)1245430033  |0 (DE-576)175430039  |4 aut 
109 |a Skotdal, Nicki Marlene  |a Marlene Skotdal, Nicki 
245 1 4 |a The relationship between job satisfaction, job dissatisfaction and job performance of correctional workers  |c Nicki Marlene Skotdal 
264 1 |a Ann Arbor, Mich.  |b Univ. Microfilms  |c 1974 
300 |a XI, 145 S. 
336 |a Text  |b txt  |2 rdacontent 
337 |a ohne Hilfsmittel zu benutzen  |b n  |2 rdamedia 
338 |a Band  |b nc  |2 rdacarrier 
502 |a Zugl.: Univ. of Oregon, Diss., 1971 
583 1 |a Archivierung prüfen  |c 20200919  |f DE-640  |z 1  |2 pdager 
655 7 |a Hochschulschrift  |0 (DE-588)4113937-9  |0 (DE-627)105825778  |0 (DE-576)209480580  |2 gnd-content 
751 |a Eugene, Or.  |0 (DE-588)4229615-8  |0 (DE-627)104946814  |0 (DE-576)210340630  |4 uvp 
951 |a BO 
ELC |b 1 
LOK |0 000 xxxxxcx a22 zn 4500 
LOK |0 001 2282215990 
LOK |0 003 DE-627 
LOK |0 004 1122335806 
LOK |0 005 19960604000000 
LOK |0 008 960604||||||||||||||||ger||||||| 
LOK |0 040   |a DE-21  |c DE-627  |d DE-21 
LOK |0 852   |a DE-21 
LOK |0 852 1  |c KB 4 A 88  |9 00 
LOK |0 935   |a krim 
LOK |0 939   |a 04-06-96  |b l01 
ORI |a SA-MARC-krimdoka001.raw 
SIG |a UB: KB 4 A 88